Derecho ambiental de la Unión Europea

Gorde:
Xehetasun bibliografikoak
Egile nagusia: Plaza Martín, Carmen (Egilea)
Formatua: Liburua
Hizkuntza:gaztelania
Argitaratua: Valencia Tirant Lo Blanch 2005
Saila:Tratados
Gaiak:
Etiketak: Etiketa erantsi
Etiketarik gabe, Izan zaitez lehena erregistro honi etiketa jartzen!

MARC

LEADER 00000nam a2200000 a 4500
001 UCI9906
003 CL-VaPUC
008 081218e20050000SP |||||||||||||||||spa|d
020 |a 8484564738 
082 0 4 |a 341.762  |b PLA  |2 21 
100 0 |a Plaza Martín, Carmen  |e author  |9 533945 
245 1 0 |a Derecho ambiental de la Unión Europea 
300 |a 1.286 p 
942 |c BK 
945 |d 20081218 00:00:00  |a rbrito 
260 |a Valencia  |b Tirant Lo Blanch  |c 2005 
650 0 |a Derecho internacional  |9 255637 
650 0 |a Derecho ambiental   |9 257835 
650 0 |a Protección del medio ambiente  |9 257626 
651 0 |a Europa  |9 255156 
583 |a last modification  |c 20161003 10:16:06  |k Rodrigo Vera 
490 0 |a Tratados 
999 |c 332352  |d 332350 
952 |0 0  |1 0  |4 0  |6 341_762000000000000_PLA_2005  |7 0  |8 A  |9 419965  |a BIBDER  |b BIBDER  |d 2019-11-22  |i 4506464  |o 341.762 PLA 2005  |p 4506464  |r 2023-01-25  |w 2019-11-22  |y BK  |k DER 
952 |0 0  |1 0  |4 0  |6 341_762000000000000_PLA_2005  |7 0  |8 A  |9 419966  |a BIBDER  |b BIBDER  |d 2019-11-22  |i 4506472  |o 341.762 PLA 2005  |p 4506472  |r 2023-01-25  |w 2019-11-22  |y BK  |k DER